000 00806cam a2200265 a 4500
001 4010363
005 20180223071945.0
008 960809s1996 nyuab b 001 0 eng d
010 _a 96207980
020 _a0684807238
035 _a(OCoLC)35220456
040 _aNBPu
_cNBPu
_dAzU
_dDLC
041 _aeng
042 _alccopycat
043 _an-us---
080 _a973 edw
082 0 0 _a973 edw
_221
100 _a16
101 _a his
245 0 2 _aA history of American life /
_cgeneral editor, Mark C. Carnes ; consulting editor, Arthur M. Schlesinger, Jr.
504 _aIncludes bibliographies and indexes.
906 _a7
_bcbc
_ccopycat
_d2
_encip
_f19
_gy-gencatlg
942 _2ddc
_cBK
999 _c43252
_d43252